Città più popolose Europa - Statistics

Statistiche generali
  • Questo quiz è stato fatto 475 volte
  • Il punteggio medio è 22 su 30
Statistiche sulle risposte
Popolazione Nazione Città % Corretto
8 866 180 Regno Unito Londra
100%
3 416 771 Spagna Madrid
100%
2 751 747 Italia Roma
100%
3 897 145 Germania Berlino
99%
2 952 301 Ucraina Kiev
99%
13 274 285 Russia Mosca
99%
2 048 472 Francia Parigi
99%
1 702 547 Spagna Barcellona
98%
1 371 499 Italia Milano
98%
2 028 399 Austria Vienna
98%
1 719 958 Romania Bucarest
97%
1 686 222 Ungheria Budapest
96%
15 701 602 Turchia Istanbul
95%
5 652 922 Russia San Pietroburgo
95%
1 862 402 Polonia Varsavia
95%
1 397 880 Repubblica Ceca Praga
93%
1 996 730 Bielorussia Minsk
92%
1 510 378 Germania Monaco
91%
1 295 931 Bulgaria Sofia
88%
1 682 229 Serbia Belgrado
87%
1 910 160 Germania Amburgo
74%
1 157 603 Regno Unito Birmingham
51%
1 086 463 Germania Colonia
51%
1 329 825 Russia Kazan
25%
1 143 123 Russia Rostov sul Don
22%
1 421 225 Ucraina Kharkiv
16%
1 198 245 Russia Nižnij Novgorod
16%
1 157 885 Russia Krasnodar
11%
1 166 098 Russia Ufa
11%
1 157 223 Russia Samara
10%
Nessun quiz corrispondente trovato
Distribuzione punteggi
Percentuale di utenti per punteggio
Percentile per numero di risposta
I tuoi punteggi nel tempo
Non hai fatto questo quiz